[Event "Moscow olm"]
[Site "RUS"]
[Date "1994.12.01"]
[EventDate "1994.12.??"]
[Round "1.2"]
[Result "1-0"]
[White "Xu Jun"]
[Black "Renato Frick"]
[WhiteElo "2560"]
[BlackElo "2160"]
[PlyCount "63"]

1. d4 Nf6 2. c4 g6 3. Nc3 Bg7 4. e4 d6 5. Nf3 O-O 6. h3 e5
7. d5 Nbd7 8. Bg5 h6 9. Be3 Qe7 10. Nd2 a6 11. g4 Nh7 12. h4
c5 13. Be2 f6 14. Nf1 Rf7 15. Ng3 Qd8 16. h5 g5 17. O-O Nhf8
18. a3 b6 19. b4 Nb8 20. Rb1 Rb7 21. Qd2 Qc7 22. Rb2 Nfd7
23. Rfb1 Bf8 24. Nf5 Kf7 25. Kg2 Raa7 26. Qc2 Ra8 27. bxc5
bxc5 28. Rxb7 Bxb7 29. Qa4 Kg8 30. Bd3 Kf7 31. Bd2 Nb6 32. Qa5
1-0

[Event "Moscow olm"]
[Site "RUS"]
[Date "1994.12.03"]
[EventDate "1994.12.??"]
[Round "3.2"]
[Result "0-1"]
[White "Kiril D Georgiev"]
[Black "Xu Jun"]
[WhiteElo "2615"]
[BlackElo "2560"]
[PlyCount "78"]

1. e4 c5 2. Nf3 d6 3. d4 cxd4 4. Nxd4 Nf6 5. Nc3 a6 6. Bc4 e6
7. O-O Be7 8. Bb3 Nc6 9. Be3 O-O 10. f4 Na5 11. f5 Nxb3
12. axb3 Bd7 13. Qf3 b5 14. g4 b4 15. Nce2 e5 16. g5 exd4
17. gxf6 Bxf6 18. Bxd4 Bb5 19. c4 bxc3 20. bxc3 Bxd4+ 21. cxd4
Qg5+ 22. Kh1 Qd2 23. Rae1 Rac8 24. Rg1 Bxe2 25. Rxe2 Qxd4
26. Reg2 g6 27. fxg6 fxg6 28. Rxg6+ Kh8 29. Qh5 Qxe4+ 30. R6g2
Rg8 31. Qd1 d5 32. Qf1 Rg6 33. Qa1+ d4 34. Qe1 Qd5 35. h3 Rcg8
36. Qd2 Rg3 37. Qxd4+ Qxd4 38. Rxg3 Rxg3 39. Rxg3 Qf2 0-1

[Event "Moscow olm"]
[Site "RUS"]
[Date "1994.12.05"]
[EventDate "1994.12.??"]
[Round "5.2"]
[Result "1/2-1/2"]
[White "Grigory Serper"]
[Black "Xu Jun"]
[WhiteElo "2575"]
[BlackElo "2560"]
[PlyCount "49"]

1. c4 c5 2. Nf3 Nc6 3. d4 cxd4 4. Nxd4 e6 5. g3 Bb4+ 6. Nc3
Nge7 7. Bg2 d5 8. cxd5 Nxd5 9. Nxc6 bxc6 10. Bd2 O-O 11. O-O
Rb8 12. Na4 Qa5 13. Bxb4 Rxb4 14. b3 c5 15. Rc1 c4 16. Rxc4
Rxc4 17. bxc4 Nb6 18. Nxb6 axb6 19. Qb3 Ba6 20. Rb1 g6 21. a4
Rd8 22. Bf3 Rd6 23. Qa3 Rd4 24. Qb2 Rxc4 25. Qxb6 1/2-1/2

[Event "Moscow olm"]
[Site "RUS"]
[Date "1994.12.06"]
[EventDate "1994.12.??"]
[Round "6.2"]
[Result "0-1"]
[White "Xu Jun"]
[Black "Hannes Stefansson"]
[WhiteElo "2560"]
[BlackElo "2560"]
[PlyCount "110"]

1. d4 Nf6 2. c4 e6 3. Nc3 Bb4 4. Qc2 O-O 5. a3 Bxc3+ 6. Qxc3
b6 7. Bg5 Bb7 8. e3 d6 9. f3 Nbd7 10. Nh3 c5 11. dxc5 bxc5
12. O-O-O d5 13. Be2 Qb6 14. Rd2 Rfe8 15. Rhd1 Bc6 16. Kb1
Rab8 17. Bh4 Ba4 18. Rc1 Rec8 19. Bd1 Qa6 20. Bxf6 Nxf6
21. Nf4 Bxd1 22. Rcxd1 dxc4 23. g4 Ne8 24. Rc2 Rc7 25. Qxc4
Qxa3 26. Rd8 Rcb7 27. Rxb8 Rxb8 28. Qc3 Qa6 29. Qc4 Rb5
30. Qd3 Qc6 31. Ne2 Rb8 32. e4 Nc7 33. Rd2 h6 34. Qd7 Qb6
35. Nc3 c4 36. h4 Qa5 37. Qa4 Qc5 38. Qd7 Nb5 39. Nxb5 Qxb5
40. Qxb5 Rxb5 41. Kc2 Rb3 42. f4 Rg3 43. g5 Rg4 44. f5 exf5
45. exf5 hxg5 46. hxg5 Rxg5 47. f6 gxf6 48. Kc3 Rc5 49. Rd7 a5
50. Ra7 Kg7 51. Kd4 Rb5 52. Kc3 Kg6 53. Rc7 f5 54. Rxc4 Rd5
55. Ra4 Kg5 0-1

[Event "Moscow olm"]
[Site "RUS"]
[Date "1994.12.09"]
[EventDate "1994.12.??"]
[Round "8.2"]
[Result "1-0"]
[White "Xu Jun"]
[Black "Jacek Gdanski"]
[WhiteElo "2560"]
[BlackElo "2505"]
[PlyCount "91"]

1. c4 e5 2. g3 Nc6 3. Bg2 f5 4. Nc3 Nf6 5. d3 Bb4 6. Bd2 O-O
7. Nf3 d6 8. O-O Kh8 9. a3 Bxc3 10. Bxc3 Qe8 11. e3 Qh5 12. d4
e4 13. d5 exf3 14. Bxf6 Rxf6 15. Bxf3 Qe8 16. dxc6 bxc6 17. b4
Re6 18. Qd4 Bb7 19. Qc3 Re5 20. Rfd1 Rb8 21. a4 a5 22. bxa5
Rc5 23. Rab1 Ba6 24. Rxb8 Qxb8 25. Be2 h6 26. Bd3 Qg8 27. Rc1
h5 28. Qd4 Kh7 29. e4 fxe4 30. Qxe4+ g6 31. Qe7+ Qg7 32. Qe6
Qg8 33. Qe7+ Qg7 34. Qd8 Rxa5 35. Re1 Re5 36. Rxe5 dxe5
37. Qg5 Kg8 38. h4 e4 39. Bxe4 Bxc4 40. Bxg6 Bd5 41. Qd8+ Qf8
42. Qxf8+ Kxf8 43. f4 c5 44. Kf2 c4 45. Ke3 c5 46. Bxh5 1-0

[Event "Moscow olm"]
[Site "RUS"]
[Date "1994.12.13"]
[EventDate "1994.12.??"]
[Round "12.1"]
[Result "1/2-1/2"]
[White "Xu Jun"]
[Black "Jesus Nogueiras"]
[WhiteElo "2560"]
[BlackElo "2530"]
[PlyCount "76"]

1. c4 e6 2. d4 Nf6 3. Nc3 Bb4 4. Qc2 O-O 5. a3 Bxc3+ 6. Qxc3
b6 7. Bg5 Bb7 8. Nh3 h6 9. Bh4 d5 10. cxd5 exd5 11. e3 Nbd7
12. Bd3 c5 13. O-O Qc7 14. b4 c4 15. f3 Qc6 16. Bc2 a5 17. Nf2
axb4 18. axb4 Rxa1 19. Rxa1 Ra8 20. Rxa8+ Bxa8 21. Qa3 Bb7
22. Nd1 Qd6 23. Bg3 Qe7 24. Qa7 Bc6 25. Qc7 Bb5 26. Bd6 Qe8
27. Qb7 g6 28. e4 dxe4 29. fxe4 Qe6 30. Bg3 Qg4 31. Nc3 Qg5
32. Qa8+ Kh7 33. Qa1 Qd2 34. Nxb5 Qxc2 35. e5 Ne4 36. Qf1 Kg8
37. Qf4 g5 38. Qe3 c3 1/2-1/2

[Event "Moscow olm"]
[Site "RUS"]
[Date "1994.12.14"]
[EventDate "1994.12.??"]
[Round "13.2"]
[Result "1-0"]
[White "Xu Jun"]
[Black "Viktor Komliakov"]
[WhiteElo "2560"]
[BlackElo "2455"]
[PlyCount "47"]

1. c4 e5 2. g3 f5 3. Bg2 Nf6 4. Nc3 Bb4 5. Nf3 Bxc3 6. bxc3 d6
7. O-O c5 8. d4 e4 9. Nd2 Qe7 10. Nb3 Be6 11. f3 Bxc4 12. fxe4
fxe4 13. dxc5 dxc5 14. Ba3 b6 15. Nxc5 Nbd7 16. Nxe4 Qxa3
17. Nxf6+ Nxf6 18. Bxa8 O-O 19. Qd4 Bxe2 20. Bd5+ Kh8 21. Rf2
Qa6 22. c4 Bh5 23. Raf1 b5 24. g4 1-0

[Event "SIN ASI chT"]
[Site "SIN"]
[Date "1995.??.??"]
[EventDate "1995.??.??"]
[Round "1"]
[Result "1/2-1/2"]
[White "Xu Jun"]
[Black "Hiroyuki Nishimura"]
[WhiteElo "2535"]
[BlackElo "2285"]
[PlyCount "90"]

1. e4 e6 2. d4 d5 3. Nc3 Nf6 4. Bg5 dxe4 5. Nxe4 Be7 6. Bxf6
gxf6 7. Nf3 b6 8. Bb5+ c6 9. Bd3 Bb7 10. Qd2 Nd7 11. O-O-O Qc7
12. Rhe1 O-O-O 13. c4 c5 14. d5 Ne5 15. Nxe5 fxe5 16. Nc3 Rhg8
17. f4 a6 18. Qe2 exf4 19. Bxh7 Rg7 20. Be4 Bh4 21. dxe6 fxe6
22. Rxd8+ Bxd8 23. Qf3 Bf6 24. Bxb7+ Qxb7 25. Ne4 Be5 26. h4
Qc6 27. Ng5 Qxf3 28. gxf3 Bd4 29. Rxe6 Kb7 30. Re2 b5 31. cxb5
axb5 32. Kc2 Kc6 33. Ne6 Rg3 34. Nxd4+ cxd4 35. Rh2 Rxf3
36. h5 Rg3 37. h6 f3 38. Kd3 f2+ 39. Ke2 Rf3 40. Rh1 f1=Q+
41. Rxf1 Rh3 42. Rf6+ Kc5 43. Rf5+ Kc4 44. b3+ Kb4 45. Rf6
Rh2+ 1/2-1/2

[Event "SIN ASI chT"]
[Site "SIN"]
[Date "1995.??.??"]
[EventDate "1995.??.??"]
[Round "2"]
[Result "1/2-1/2"]
[White "A Graf"]
[Black "Xu Jun"]
[WhiteElo "2585"]
[BlackElo "2535"]
[PlyCount "149"]

1. d4 Nf6 2. c4 e6 3. Nf3 Bb4+ 4. Nbd2 b6 5. e3 Bb7 6. Bd3 O-O
7. O-O d5 8. b3 Nbd7 9. Bb2 c5 10. cxd5 Nxd5 11. a3 Bxd2
12. Qxd2 N5f6 13. Rfd1 Qe7 14. Qe2 cxd4 15. Nxd4 e5 16. Nf5
Qe6 17. e4 Rfc8 18. Bb5 Rc7 19. Nd6 Rf8 20. Bc4 Qe7 21. Rac1
Nc5 22. f3 Nh5 23. Nf5 Qf6 24. Rd6 Nf4 25. Qf1 Nce6 26. Bxe6
Rxc1 27. Bxf7+ Qxf7 28. Bxc1 Qxb3 29. Bxf4 exf4 30. Qa1 Qf7
31. Re6 Bc8 32. Re7 Qf6 33. Qxf6 gxf6 34. Nh6+ Kh8 35. Rxa7
Be6 36. Rb7 Rc8 37. Rxb6 Rc1+ 38. Kf2 Bc4 39. g4 Rc2+ 40. Ke1
Re2+ 41. Kd1 Rxh2 42. Rb8+ Kg7 43. Nf5+ Kg6 44. Rb6 Bf7
45. Kc1 h5 46. gxh5+ Rxh5 47. a4 Rh1+ 48. Kb2 Rh2+ 49. Kc3 Ra2
50. Rb7 Be6 51. Nd4 Bh3 52. Kb3 Rd2 53. Kc4 Kg5 54. Rg7+ Kh4
55. a5 Ra2 56. Kb4 Rb2+ 57. Kc5 Ra2 58. Kb6 Rb2+ 59. Kc7 Ra2
60. Nc6 Ra3 61. Rg6 Rxf3 62. a6 Ra3 63. a7 f3 64. Rxf6 Kg3
65. Kb6 Rb3+ 66. Kc5 Ra3 67. Kb4 Ra6 68. Nd4 Rxa7 69. Rxf3+
Kh4 70. Kc5 Bg4 71. Rf8 Kg5 72. Nc6 Ra1 73. Kd5 Ra6 74. e5 Ra1
75. Nd4 1/2-1/2

[Event "SIN ASI chT"]
[Site "SIN"]
[Date "1995.??.??"]
[EventDate "1995.??.??"]
[Round "5"]
[Result "1-0"]
[White "Xu Jun"]
[Black "Taleb Moussa"]
[WhiteElo "2535"]
[BlackElo "2245"]
[PlyCount "103"]

1. d4 Nf6 2. c4 e6 3. Nc3 Bb4 4. Qc2 d5 5. cxd5 exd5 6. Bg5
O-O 7. e3 c6 8. Bd3 h6 9. Bh4 Be6 10. Nge2 Nbd7 11. O-O Rc8
12. Kh1 Be7 13. Rad1 Ng4 14. Bg3 Bh4 15. h3 Bxg3 16. Nxg3 Ngf6
17. f3 c5 18. dxc5 Nxc5 19. Qf2 Nxd3 20. Rxd3 Qa5 21. Rfd1 b5
22. a3 b4 23. axb4 Qxb4 24. f4 Qb7 25. f5 Ne4 26. Ngxe4 dxe4
27. Rd4 Bb3 28. R1d2 Rfe8 29. Qf4 Rc4 30. Rd7 Qa6 31. Kh2 Qa5
32. Rb7 Rb4 33. Rxb4 Qxb4 34. Rd4 Qb8 35. Kg3 Bc2 36. b4 Qb7
37. Qd6 Qc8 38. Nd5 Kh7 39. Nc7 Rf8 40. Kf4 Bd3 41. g4 Qb8
42. Qe5 Rd8 43. h4 Rxd4 44. exd4 Qd8 45. g5 hxg5+ 46. hxg5 Qd7
47. Nd5 Qa4 48. Qe7 Qa2 49. g6+ fxg6 50. fxg6+ Kxg6 51. Qe6+
Kh5 52. Nf6+ 1-0

[Event "SIN ASI chT"]
[Site "SIN"]
[Date "1995.??.??"]
[EventDate "1995.??.??"]
[Round "8"]
[Result "1/2-1/2"]
[White "Dashzeveg Sharavdorj"]
[Black "Xu Jun"]
[WhiteElo "2375"]
[BlackElo "2535"]
[PlyCount "68"]

1. d4 g6 2. c4 Bg7 3. Nf3 Nf6 4. Nc3 O-O 5. e4 d6 6. Be2 Na6
7. O-O c6 8. Re1 e5 9. d5 Nc5 10. Bf1 a5 11. Rb1 cxd5 12. cxd5
Bd7 13. Nd2 Qc7 14. Nb5 Bxb5 15. Bxb5 Rfc8 16. b3 Bh6 17. Qf3
Nfd7 18. Nc4 Bxc1 19. Rbxc1 Nb6 20. Nd2 Qd8 21. Qe3 Rc7
22. Rc3 Rac8 23. Rec1 Ncd7 24. Bxd7 Qxd7 25. a4 Rxc3 26. Rxc3
Rc7 27. Nb1 Qc8 28. Qxb6 Rxc3 29. Nxc3 Qxc3 30. h3 Qe1+
31. Kh2 Qxe4 32. Qxd6 Qf4+ 33. Kg1 Qc1+ 34. Kh2 Qf4+ 1/2-1/2

[Event "Beijing ST Lee cup"]
[Site "CHN"]
[Date "1996.??.??"]
[EventDate "1996.??.??"]
[Round "2"]
[Result "1/2-1/2"]
[White "Chong Liang"]
[Black "Xu Jun"]
[WhiteElo "2275"]
[BlackElo "2505"]
[PlyCount "75"]

1. d4 Nf6 2. c4 e6 3. Nf3 b6 4. g3 Bb7 5. Bg2 Bb4+ 6. Bd2 a5
7. O-O O-O 8. Nc3 d6 9. Qc2 Nbd7 10. Rad1 Qe7 11. Bg5 Bxc3
12. Qxc3 h6 13. Bxf6 Nxf6 14. Nd2 Bxg2 15. Kxg2 e5 16. Rfe1 e4
17. Nf1 h5 18. Ne3 g6 19. h4 c6 20. d5 c5 21. f4 exf3+
22. exf3 Qd8 23. Nf1 a4 24. Nd2 b5 25. cxb5 Nxd5 26. Qc4 Nf6
27. Ne4 Nxe4 28. Rxe4 Qb6 29. Re7 Ra5 30. Re2 Rxb5 31. Rxd6
Qxd6 32. Qxb5 Qd4 33. Re4 Qd2+ 34. Re2 Qd4 35. Re4 Qd2+
36. Qe2 Rd8 37. Qxd2 Rxd2+ 38. Kf1 1/2-1/2

[Event "Beijing ST Lee cup"]
[Site "CHN"]
[Date "1996.??.??"]
[EventDate "1996.??.??"]
[Round "5"]
[Result "1/2-1/2"]
[White "Xu Jun"]
[Black "Jianjun Xie"]
[WhiteElo "2505"]
[BlackElo "2415"]
[PlyCount "94"]

1. d4 Nf6 2. c4 g6 3. Nc3 d5 4. Nf3 Bg7 5. Qb3 dxc4 6. Qxc4
O-O 7. e4 Nc6 8. Be2 Bg4 9. Be3 Bxf3 10. gxf3 e5 11. dxe5 Nxe5
12. Qb5 Re8 13. Rd1 Qc8 14. h3 a6 15. Qb3 Nc6 16. Kf1 b5
17. Kg2 Rb8 18. Rd2 Nd8 19. Nd5 c5 20. Rc1 Ne6 21. Qd1 Rb7
22. Nxf6+ Bxf6 23. f4 Rc7 24. e5 Bg7 25. Bg4 h5 26. Bxe6 Qxe6
27. Rd6 Qxa2 28. b3 c4 29. Qd5 Qxb3 30. Rxg6 Rce7 31. Rxa6 Re6
32. Ra7 Rf8 33. Rb7 Qd3 34. Qxd3 cxd3 35. Rcc7 Bh6 36. Rd7 Rc6
37. Rxb5 Rc4 38. Kf3 Ra8 39. e6 fxe6 40. Rxh5 Bxf4 41. Bd4 e5
42. Bxe5 Bxe5 43. Rg5+ Kh8 44. Rxe5 Rf8+ 45. Ke3 Rcf4 46. Rh5+
Kg8 47. Rg5+ Kh8 1/2-1/2

[Event "Beijing ST Lee cup"]
[Site "CHN"]
[Date "1996.??.??"]
[EventDate "1996.??.??"]
[Round "6"]
[Result "1/2-1/2"]
[White "Peter Szekely"]
[Black "Xu Jun"]
[WhiteElo "2455"]
[BlackElo "2505"]
[PlyCount "80"]

1. Nf3 c5 2. c4 Nc6 3. d4 cxd4 4. Nxd4 g6 5. e4 Bg7 6. Be3 Nf6
7. Nc3 O-O 8. Be2 d6 9. O-O Nxd4 10. Bxd4 Be6 11. Qd2 Qa5
12. Rfd1 Rfc8 13. b3 Nd7 14. Rac1 Bxd4 15. Qxd4 a6 16. h3 Rc7
17. a4 Qc5 18. Rb1 Qxd4 19. Rxd4 a5 20. f4 Rcc8 21. Bg4 Bxg4
22. hxg4 Rd8 23. Kf2 Nc5 24. g3 h6 25. Kf3 Rac8 26. Rd2 Kg7
27. Rh2 Rh8 28. Nd5 Rce8 29. Nc7 Rd8 30. Nd5 e6 31. Nc3 Kf6
32. Nb5 Ke7 33. Nd4 h5 34. g5 f6 35. gxf6+ Kxf6 36. Nb5 Ke7
37. Ke3 g5 38. Rbh1 gxf4+ 39. gxf4 Rdg8 40. Kf3 Nxb3 1/2-1/2

[Event "Beijing ST Lee cup"]
[Site "CHN"]
[Date "1996.??.??"]
[EventDate "1996.??.??"]
[Round "7"]
[Result "1-0"]
[White "Xu Jun"]
[Black "Xia Yu"]
[WhiteElo "2505"]
[BlackElo "2355"]
[PlyCount "69"]

1. c4 e6 2. d4 Nf6 3. Nc3 d5 4. cxd5 exd5 5. Bg5 Be7 6. e3 Be6
7. Bd3 Nbd7 8. Nge2 b6 9. Nf4 O-O 10. O-O c6 11. Rc1 Ne8
12. Bxe7 Qxe7 13. e4 Qg5 14. g3 Nc7 15. Qa4 b5 16. Qa5 Rfc8
17. exd5 Nxd5 18. Ncxd5 Bxd5 19. h4 Qd8 20. Qxd8+ Rxd8
21. Nxd5 cxd5 22. Bxb5 Nf8 23. b3 Rab8 24. Be2 Rb4 25. Rc7 Ra8
26. Rd1 a5 27. Bf3 Ne6 28. Rd7 a4 29. Bxd5 Rf8 30. Bc4 axb3
31. axb3 h6 32. d5 Nc5 33. Rc7 Nxb3 34. d6 Na5 35. Bxf7+ 1-0

[Event "Beijing ST Lee cup"]
[Site "CHN"]
[Date "1996.??.??"]
[EventDate "1996.??.??"]
[Round "11"]
[Result "0-1"]
[White "Alon Greenfeld"]
[Black "Xu Jun"]
[WhiteElo "2555"]
[BlackElo "2505"]
[PlyCount "100"]

1. d4 d5 2. c4 dxc4 3. e3 Nf6 4. Bxc4 e6 5. Nf3 c5 6. O-O a6
7. Bd3 Nbd7 8. Re1 Be7 9. e4 cxd4 10. e5 Nd5 11. Bc4 Nb4
12. Nxd4 Nb6 13. Bb3 Bd7 14. Qg4 g6 15. Bh6 Nc6 16. Nc3 Nxd4
17. Qxd4 Bc6 18. Qe3 Nd7 19. Ne4 Qa5 20. Nd6+ Bxd6 21. exd6
O-O-O 22. Qa7 Qc5 23. Qa8+ Nb8 24. d7+ Kxd7 25. Rac1 Qb5
26. Qa7 Ke7 27. Qe3 Rd3 28. Bg5+ Kd7 29. Bxe6+ fxe6 30. Qxe6+
Kc7 31. Bf4+ Kb6 32. Be3+ Kc7 33. Bf4+ Kb6 34. Be3+ Kc7
35. Rc5 Qxb2 36. Bf4+ Kb6 37. Be3 Kc7 38. Bf4+ Kb6 39. Rcc1
Re8 40. Rxc6+ Nxc6 41. Qxe8 Qxa2 42. Be3+ Kc7 43. Bf4+ Kb6
44. Qc8 Qf7 45. Be3+ Ka5 46. Ra1+ Kb5 47. Rb1+ Kc4 48. Qg4+
Kd5 49. Qe2 Ne5 50. Bf4 Qxf4 0-1

[Event "Beijing Tan Chin Nam cup"]
[Site "CHN"]
[Date "1996.??.??"]
[EventDate "1996.09.??"]
[Round "1"]
[Result "1/2-1/2"]
[White "Xu Jun"]
[Black "Zili Wang"]
[WhiteElo "2505"]
[BlackElo "2535"]
[PlyCount "66"]

1. d4 Nf6 2. Nf3 c5 3. d5 g6 4. c4 b5 5. cxb5 a6 6. e3 Bg7
7. Nc3 O-O 8. a4 Bb7 9. Be2 axb5 10. Bxb5 e6 11. dxe6 fxe6
12. O-O d5 13. Ne2 Ne4 14. Ng3 Nd6 15. Be2 Qe7 16. Qc2 Na6
17. Bd2 Rac8 18. Rad1 e5 19. e4 d4 20. b3 Bf6 21. Ne1 h5
22. f3 Bg5 23. Bxg5 Qxg5 24. Qc1 Qxc1 25. Rxc1 Nb4 26. Rf2 Kg7
27. Nd3 Nxd3 28. Bxd3 c4 29. bxc4 Ba6 30. Nf1 Nb7 31. Nd2 Nc5
32. Bf1 Rb8 33. a5 Rb2 1/2-1/2

[Event "Beijing Tan Chin Nam cup"]
[Site "CHN"]
[Date "1996.??.??"]
[EventDate "1996.09.??"]
[Round "2"]
[Result "1/2-1/2"]
[White "Xu Jun"]
[Black "Zhong Zhang"]
[WhiteElo "2505"]
[BlackElo "2425"]
[PlyCount "127"]

1. d4 f5 2. g3 Nf6 3. Bg2 g6 4. Nf3 Bg7 5. O-O O-O 6. b3 d6
7. Bb2 Ng4 8. Nbd2 Nc6 9. e4 f4 10. h3 Nh6 11. Nc4 b5 12. d5
bxc4 13. Bxg7 Kxg7 14. dxc6 e5 15. bxc4 Qe8 16. c5 Qxc6
17. cxd6 cxd6 18. Qd2 Rb8 19. gxf4 Rxf4 20. Nd4 Qc5 21. Nb3
Qc7 22. c4 Nf7 23. c5 dxc5 24. Rac1 c4 25. Qd5 Qd6 26. Qxd6
Nxd6 27. Na5 Be6 28. Nc6 Rb5 29. a4 Rc5 30. Nxa7 Rf7 31. Nb5
Nxb5 32. axb5 Rxb5 33. Rc2 Rb3 34. Rfc1 Rc7 35. Bf1 c3 36. Kh2
Bd7 37. Ra2 Rb4 38. Rac2 Rb3 39. Ra2 Kf6 40. Rcc2 Rb1 41. Bd3
Be6 42. Ra3 Rb3 43. Ra6 Ke7 44. Kg3 Rb4 45. Rc1 Rd4 46. Bc2
Rd2 47. h4 Bc4 48. Ra3 Bd3 49. Ba4 c2 50. Kf3 Ra7 51. Ke3 Rd1
52. Bxc2 Rxa3 53. Bxd1 Bc2+ 54. Kd2 Bxd1 55. Kxd1 Kd6 56. h5
g5 57. Rb1 Kc5 58. Rb7 h6 59. Rd7 Rh3 60. Rd5+ Kc4 61. Ke2
Rxh5 62. f3 Rh2+ 63. Ke3 Rh3 64. Ke2 1/2-1/2

[Event "Beijing Tan Chin Nam cup"]
[Site "CHN"]
[Date "1996.??.??"]
[EventDate "1996.09.??"]
[Round "3"]
[Result "0-1"]
[White "Li Wenliang"]
[Black "Xu Jun"]
[WhiteElo "2425"]
[BlackElo "2505"]
[PlyCount "76"]

1. d4 Nf6 2. c4 e6 3. Nc3 Bb4 4. e3 c5 5. Bd3 Nc6 6. Nf3 Bxc3+
7. bxc3 d6 8. O-O e5 9. Nd2 O-O 10. Rb1 b6 11. h3 Bb7 12. d5
Ne7 13. f4 exf4 14. exf4 Ng6 15. Nf3 Qd7 16. Bd2 Rae8 17. Qc2
Bc8 18. Ng5 Re7 19. a4 Rfe8 20. Ra1 Qc7 21. Rae1 Rxe1 22. Bxe1
h6 23. Bxg6 fxg6 24. Qxg6 Qe7 25. Ne6 Bxe6 26. dxe6 Qxe6
27. Bh4 Ne4 28. Qh5 Qf7 29. Qg4 Nd2 30. Rd1 Nxc4 31. Qf3 Re3
32. Qa8+ Kh7 33. Bf2 Re7 34. Qf3 Qf5 35. Rd5 Qe4 36. Qd1 Qxf4
37. Rd3 Nb2 38. Bg3 Qe4 0-1

[Event "Beijing Tan Chin Nam cup"]
[Site "CHN"]
[Date "1996.??.??"]
[EventDate "1996.09.??"]
[Round "5"]
[Result "1/2-1/2"]
[White "Liang Jinrong"]
[Black "Xu Jun"]
[WhiteElo "2425"]
[BlackElo "2505"]
[PlyCount "39"]

1. e4 c5 2. Nf3 d6 3. d4 cxd4 4. Nxd4 Nf6 5. Nc3 Nc6 6. Bg5 e6
7. Qd2 a6 8. O-O-O h6 9. Bf4 Bd7 10. Nxc6 Bxc6 11. Qe1 Be7
12. e5 Nh5 13. Be3 Qc7 14. Be2 g6 15. Bxh5 gxh5 16. Bf4 O-O-O
17. exd6 Bxd6 18. Bxd6 Rxd6 19. Qe3 Bxg2 20. Rhg1 1/2-1/2

[Event "Beijing Tan Chin Nam cup"]
[Site "CHN"]
[Date "1996.??.??"]
[EventDate "1996.09.??"]
[Round "7"]
[Result "1/2-1/2"]
[White "Suat Atalik"]
[Black "Xu Jun"]
[WhiteElo "2525"]
[BlackElo "2505"]
[PlyCount "111"]

1. d4 Nf6 2. c4 e6 3. g3 Bb4+ 4. Bd2 c5 5. Bxb4 cxb4 6. Bg2 d5
7. Nd2 Nc6 8. Ngf3 Ne4 9. Nxe4 dxe4 10. Ne5 Qxd4 11. Qxd4 Nxd4
12. Bxe4 f6 13. e3 fxe5 14. exd4 exd4 15. O-O-O a5 16. Rxd4 a4
17. Rhd1 Ke7 18. Bxb7 Ra7 19. Bc6 Rf8 20. f4 g6 21. Bb5 a3
22. b3 Rc7 23. Ba4 h6 24. h4 Rc5 25. Bd7 Bb7 26. Re1 Rf6
27. g4 e5 28. fxe5 Rf2 29. Kb1 Rb2+ 30. Ka1 Rf2 31. h5 gxh5
32. gxh5 Bc8 33. Bg4 Bf5 34. Bxf5 Rxf5 35. Rd5 Rxd5 36. cxd5
Rf2 37. d6+ Ke8 38. e6 Rd2 39. d7+ Ke7 40. Kb1 Rb2+ 41. Kc1
Rxa2 42. Re4 Rg2 43. Rd4 Rg1+ 44. Kc2 Rg2+ 45. Kd3 Rg8 46. Kc4
a2 47. Rd1 Kxe6 48. Kxb4 Ra8 49. Kc3 Ke7 50. Kb2 Kd8 51. b4
Ra4 52. b5 Rb4+ 53. Kxa2 Rxb5 54. Ka3 Rxh5 55. Kb4 Rg5 56. Kc4
1/2-1/2

[Event "Beijing Tan Chin Nam cup"]
[Site "CHN"]
[Date "1996.??.??"]
[EventDate "1996.09.??"]
[Round "8"]
[Result "0-1"]
[White "Xu Jun"]
[Black "Eduard Gufeld"]
[WhiteElo "2505"]
[BlackElo "2445"]
[PlyCount "118"]

1. d4 Nf6 2. c4 c5 3. d5 d6 4. Nc3 g6 5. e4 Bg7 6. h3 O-O
7. Nf3 e6 8. Bd3 exd5 9. cxd5 Re8 10. O-O a6 11. Re1 b5
12. Bf4 c4 13. Bc2 Nh5 14. Bh2 Qb6 15. Qd2 Nd7 16. g4 Nhf6
17. b4 cxb3 18. axb3 Bb7 19. g5 Nh5 20. Rac1 Rac8 21. Ne2 a5
22. Ned4 b4 23. Bb1 Rxc1 24. Rxc1 Nc5 25. Re1 a4 26. bxa4 Nxa4
27. Re3 Nc3 28. Bc2 h6 29. h4 hxg5 30. hxg5 Ra8 31. Nb3 Qd8
32. Kh1 Ra2 33. Nc1 Ra1 34. Re1 Qd7 35. Nb3 Ra2 36. Nfd4 Nxe4
37. Rxe4 Bxd5 38. Qe3 Qg4 39. f3 Bxe4 40. Qxe4 Qxg5 41. Qe8+
Bf8 42. Qe1 d5 43. Nc1 Ra8 44. Nce2 Re8 45. Qg1 Qf6 46. Qg4
Bd6 47. Bxd6 Qxd6 48. Bb3 Qe5 49. Qd7 Nf6 50. Qb5 Qg5 51. f4
Qh4+ 52. Kg2 Re3 53. Bxd5 Ng4 54. Bf3 Qf2+ 55. Kh3 Rxf3+
56. Nxf3 Qxf3+ 57. Ng3 Nf2+ 58. Kh2 Qxf4 59. Kg2 Ng4 0-1

[Event "Beijing Tan Chin Nam cup"]
[Site "CHN"]
[Date "1996.??.??"]
[EventDate "1996.09.??"]
[Round "9"]
[Result "1/2-1/2"]
[White "Igor Stohl"]
[Black "Xu Jun"]
[WhiteElo "2560"]
[BlackElo "2505"]
[PlyCount "105"]

1. Nf3 c5 2. c4 Nc6 3. d4 cxd4 4. Nxd4 Nf6 5. Nc3 e6 6. Ndb5
d5 7. Bf4 e5 8. cxd5 exf4 9. dxc6 bxc6 10. Qxd8+ Kxd8 11. Rd1+
Bd7 12. Nd6 Bxd6 13. Rxd6 Rb8 14. Rd2 Re8 15. g3 f3 16. Kd1
fxe2+ 17. Bxe2 Kc7 18. Bc4 Re7 19. Kc1 Bf5 20. b3 Rbe8 21. Kb2
Ne4 22. Nxe4 Bxe4 23. Rc1 f5 24. Rc3 Bh1 25. Rcd3 g5 26. Rd4
Be4 27. Kc3 f4 28. gxf4 gxf4 29. Bd3 Bxd3 30. R4xd3 Kb6
31. Rf3 Re4 32. Rd7 h5 33. Rd4 Rxd4 34. Kxd4 c5+ 35. Kd3 Rd8+
36. Kc3 Rd4 37. Rh3 Re4 38. Kd3 Rd4+ 39. Kc3 Re4 40. Kd3 Rd4+
41. Ke2 c4 42. bxc4 Rxc4 43. Rxh5 Rc2+ 44. Kf3 Rxa2 45. Rf5 a5
46. Rxf4 Ra1 47. h4 Kb5 48. h5 Rh1 49. Rf5+ Kb6 50. Kg2 Rh4
51. Kg3 Rh1 52. Kg2 Rh4 53. Kg3 1/2-1/2

[Event "Yerevan olm"]
[Site "ARM"]
[Date "1996.09.21"]
[EventDate "1996.09.16"]
[Round "6.2"]
[Result "1/2-1/2"]
[White "Miguel Illescas-Cordoba"]
[Black "Xu Jun"]
[WhiteElo "2640"]
[BlackElo "2505"]
[PlyCount "33"]

1. d4 Nf6 2. c4 e6 3. Nc3 Bb4 4. e3 c5 5. Nge2 d5 6. a3 Bxc3+
7. Nxc3 cxd4 8. exd4 dxc4 9. Bxc4 Nc6 10. Be3 O-O 11. O-O h6
12. h3 b6 13. Re1 Bb7 14. Ba2 Ne7 15. Qd3 Nf5 16. Rad1 Qd6
17. Qb5 1/2-1/2

[Event "Yerevan olm"]
[Site "ARM"]
[Date "1996.09.24"]
[EventDate "1996.09.16"]
[Round "8.2"]
[Result "1-0"]
[White "Giorgi Giorgadze"]
[Black "Xu Jun"]
[WhiteElo "2580"]
[BlackElo "2505"]
[PlyCount "81"]

1. e4 c5 2. Nc3 Nc6 3. f4 g6 4. Nf3 Bg7 5. g3 d6 6. Bg2 Nf6
7. O-O O-O 8. d3 Rb8 9. h3 b5 10. g4 b4 11. Ne2 Nd7 12. Qe1 a5
13. f5 Nde5 14. Nxe5 Nxe5 15. Bg5 a4 16. Rd1 Bd7 17. Qf2 Nc6
18. b3 Ne5 19. Qh4 Re8 20. Rf2 axb3 21. axb3 Ra8 22. Rdf1 Ra2
23. Nc1 Ra1 24. Be3 Bb5 25. g5 Nc6 26. Ne2 Rxf1+ 27. Rxf1 e6
28. f6 Bf8 29. Qf2 Qa5 30. Nf4 Ne5 31. h4 Ng4 32. Qg3 Nxe3
33. Qxe3 Qa2 34. h5 gxh5 35. g6 hxg6 36. Nxg6 fxg6 37. f7+ Kg7
38. fxe8=Q Bxe8 39. Qg5 Qb2 40. Qd8 Qd4+ 41. Kh1 1-0

[Event "Bad Homburg it"]
[Site "GER"]
[Date "1997.07.29"]
[EventDate "1997.07.??"]
[Round "4"]
[Result "1-0"]
[White "Christopher Lutz"]
[Black "Xu Jun"]
[WhiteElo "2590"]
[BlackElo "2505"]
[PlyCount "71"]

1. e4 c5 2. Nf3 d6 3. d4 cxd4 4. Nxd4 Nf6 5. Nc3 a6 6. Be2 g6
7. O-O Bg7 8. Be3 O-O 9. f4 Nc6 10. Kh1 Nxd4 11. Bxd4 Be6
12. Qd2 Rc8 13. Rad1 b5 14. Bf3 b4 15. Nd5 Nxd5 16. Bxg7 Kxg7
17. exd5 Bf5 18. Be4 Bxe4 19. Qd4+ Kg8 20. Qxe4 Qc7 21. f5
Qxc2 22. Qxe7 Rc4 23. h3 Qe4 24. Qxd6 Rc2 25. Qg3 Rxb2 26. d6
Rxa2 27. d7 Rd8 28. Rf4 Qc6 29. Rfd4 b3 30. Rd6 Qa8 31. fxg6
hxg6 32. Rxg6+ fxg6 33. Qxb3+ Kg7 34. Qxa2 Qc6 35. Qb2+ Kg8
36. Qe5 1-0

[Event "Bad Homburg it"]
[Site "GER"]
[Date "1997.07.31"]
[EventDate "1997.07.??"]
[Round "6"]
[Result "1-0"]
[White "Stefan E S Kindermann"]
[Black "Xu Jun"]
[WhiteElo "2570"]
[BlackElo "2505"]
[PlyCount "101"]

1. e4 c5 2. Nf3 d6 3. d4 cxd4 4. Nxd4 Nf6 5. Nc3 a6 6. f4 e5
7. Nf3 Nbd7 8. a4 Be7 9. Bd3 O-O 10. O-O exf4 11. Bxf4 Nc5
12. Kh1 Bd7 13. Qe2 Re8 14. Bc4 h6 15. b4 Ne6 16. Bd2 Nf8
17. Qd3 Be6 18. Nd4 Bxc4 19. Qxc4 Rc8 20. Qd3 Ng6 21. Nf5 Bf8
22. Rac1 Re5 23. Be3 d5 24. Bd4 dxe4 25. Qh3 Re6 26. Bxf6 gxf6
27. Rcd1 Qe8 28. Nd5 Rxc2 29. Nd4 e3 30. Nxe6 Qxe6 31. Qxe6
fxe6 32. Nxe3 Re2 33. Rxf6 Ne5 34. Ng4 Nxg4 35. Rg6+ Kf7
36. Rxg4 e5 37. Kg1 Be7 38. Rd7 b5 39. axb5 axb5 40. Rb7 h5
41. Rh4 Ke6 42. Rxh5 Bxb4 43. Rxb5 Bc3 44. g4 Bd4+ 45. Kf1
Rf2+ 46. Ke1 Rf6 47. Ke2 Kf7 48. h3 Kg6 49. Kd3 Rf3+ 50. Ke4
Rf4+ 51. Kd5 1-0